Trogmayer Ottó "Hatvan jeles hetvenes"
Elmentve itt :
| Dokumentumtípus: | Cikk |
|---|---|
| Megjelent: |
2003-01-01
|
| Sorozat: | Napút
5. évf No. 10. sz |
| Kulcsszavak: | Trogmayer Ottó |
| Online Access: | http://univ.bibl.u-szeged.hu/29177 |
| LEADER | 00453nab a2200157 i 4500 | ||
|---|---|---|---|
| 001 | univ29177 | ||
| 005 | 20171214104607.0 | ||
| 008 | 171214s2003 hu o 0|| zxx d | ||
| 040 | |a SZTE UnivHistória Repozitórium |b hun | ||
| 041 | |a zxx | ||
| 245 | 0 | 0 | |a Trogmayer Ottó |h [elektronikus dokumentum] : |b "Hatvan jeles hetvenes" |
| 260 | |c 2003-01-01 | ||
| 300 | |a 61-62 | ||
| 490 | 0 | |a Napút |v 5. évf No. 10. sz | |
| 561 | |a Egyetemi hirarchívum | ||
| 695 | |a Trogmayer Ottó | ||